[Event "DSOL 2022"]
[Site "Germany"]
[Date "2022.04.01"]
[Round "6.3"]
[White "Modler, Andreas"]
[Black "Bogomolow, Sergej"]
[Result "0-1"]
[WhiteElo "1678"]
[BlackElo "1563"]
[Annotator "TA"]
[PlyCount "58"]
[EventDate "2022.01.31"]
[EventType "team-tourn"]
[EventCountry "GER"]
[SourceTitle "playchess.com"]
[Source "ChessBase"]
[SourceQuality "1"]
[WhiteTeam "SF Berlin I"]
[BlackTeam "Post SV Uelzen"]

{[%evp 9,58,8,0,1,9,7,4,8,1,0,12,-21,-14,-27,-36,-72,-37,-76,-63,-87,-6,-65,-60,-73,-57,-80,-77,-83,-58,-104,-73,-113,85,-178,-176,-160,-158,-117,-75,-187,-64,-279,-128,-114,-133,-195,-187,-323,-300,-814,-775]} 1. c4 e5 2. Nc3 Nf6 3. Nf3 Nc6 4. e4 Bb4 5. d3 O-O 6. Be2 {A28: English Opening: Four Knights Variation.} d6 7. a3 Bxc3+ 8. bxc3 {The position is equal.} Nd7 9. O-O Nc5 10. Ne1 f5 11. exf5 Bxf5 {[#]} 12. f4 $146 ({Predecessor:} 12. Bg4 Qh4 13. Bxf5 Rxf5 14. h3 Raf8 15. Qg4 Qxg4 16. hxg4 R5f6 17. Be3 Na4 18. Rc1 {0-1 (48) Papaioannou,D (1924)-Kalogeris,I (2307) Veliko Gradiste 2021}) 12... Bg6 13. Be3 Qe7 14. Rb1 Nd8 (14... b6 $17) 15. Qd2 (15. fxe5 $11 Rxf1+ 16. Bxf1) 15... Nde6 $15 {[%cal Bd8e6,Be6c5,Bc5d3][%mdl 32]} 16. fxe5 dxe5 17. Nf3 e4 18. dxe4 Nxe4 ({Don't play} 18... Bxe4 $6 19. Rbe1 $11) 19. Qc1 (19. Qb2 $15) 19... N6c5 {[%cal Oe4g3] Threatens to win with ...Ng3!} 20. Re1 Ng3 $2 {&Nero is more active. Pair of Knights!} 21. Rb5 $2 {[%mdl 8192]} (21. hxg3 $16 {is necessary to keep the advantage. aiming for Rb5.} Bxb1 22. Bg5) 21... Nxe2+ $19 22. Rxe2 Nd3 23. Qd2 {[%cal Oe3c5]} Qxa3 {Hoping for ...Qa1+.} 24. Rxb7 (24. h4 $17) 24... Rfb8 (24... Qa1+ $19 25. Ne1 Rae8 26. Rxa7 Qc1 $1 27. Rxc7 (27. Qxc1 $2 Nxc1 28. Rf2 Rxe3 $19) 27... Qxd2 28. Rxd2 Nxe1) 25. Rb5 $2 {[#]} ({White has to play} 25. Rxb8+ $1 $15 Rxb8 26. Qd1) 25... a6 (25... Qa1+ $1 $19 26. Ne1 Re8) 26. Rxb8+ $17 Rxb8 {[%cal Ba8b8,Bb8b1,Bb1b2][%mdl 32]} 27. Bf2 (27. Qd1 $17) 27... Rb1+ 28. Be1 (28. Ne1 $142) 28... Qc5+ $19 29. Re3 $2 (29. Kh1) 29... Rb2 {Weighted Error Value: White=0.74/Black=0.44} 0-1

[Event "DSOL 2022"]
[Site "Germany"]
[Date "2022.04.01"]
[Round "6.3"]
[White "Schaefer, Sven"]
[Black "Dzierzenga, Stefan"]
[Result "1-0"]
[WhiteElo "1651"]
[BlackElo "1606"]
[Annotator "TA"]
[PlyCount "59"]
[EventDate "2022.01.31"]
[EventType "team-tourn"]
[EventCountry "GER"]
[SourceTitle "playchess.com"]
[Source "ChessBase"]
[SourceQuality "1"]
[WhiteTeam "SK Dessau I"]
[BlackTeam "Kölner SK Dr Lasker II"]

{[%evp 27,59,15,15,14,15,18,16,14,16,15,13,0,8,13,10,4,107,92,133,127,116,125,149,98,98,94,258,246,270,54,498,483,584,549]} 1. e4 e6 2. d4 d5 3. Nd2 Nf6 4. e5 Nfd7 5. Bd3 c5 6. c3 Nc6 7. Ne2 cxd4 8. cxd4 f6 9. exf6 Nxf6 10. O-O Bd6 11. Nf3 Qc7 12. Bg5 O-O 13. Bh4 Nh5 14. Qc2 h6 15. Bh7+ {C06: French Tarrasch: 3...Nf6 4 e5 Nfd7 5 Bd3 main lines.} Kh8 {[%cal Of8f3]} 16. Bg6 Rxf3 17. Bxh5 {The position is equal.} Rf8 18. Bg3 Bd7 {[%cal Bc8d7,Bd7a4,Ba4c2][%mdl 32]} 19. b4 Bxg3 20. hxg3 {b5 is the strong threat.} Qb6 21. Qc5 {[#]} Nxb4 $146 (21... Qxc5 $11 22. bxc5 Be8 23. Bxe8 Raxe8) ({Predecessor:} 21... Qxc5 22. bxc5 g5 23. Rab1 Rab8 24. f4 Be8 25. Bxe8 Rfxe8 26. Rb5 b6 27. Kf2 bxc5 28. Rxc5 {½-½ (38) Vykouk,J (2149)-Balacek,T (2217) Frydek Mistek 2014}) 22. Qe7 $16 Ba4 23. Rab1 (23. Nf4 Rf6 $16) 23... Nc6 24. Qxe6 Qc7 {[#]} 25. Qxd5 (25. Rfc1 $142 $1) 25... Bc2 {Threatens to win with ...Rf5.} 26. Rbc1 $36 {[%mdl 2048] White is on the roll.} Rf5 $2 27. Qc4 $18 Rxh5 28. d5 $2 (28. Rxc2 $6 Qd6 29. Nf4 Rf5 $18) (28. Nf4 $18) 28... Rc8 $2 {[%mdl 8192] [#]} 29. Nf4 $1 ({Weaker is} 29. Qxc2 Rxd5 30. Nf4 Rd6 $14) ({Not} 29. Rxc2 Nd4 30. Qxc7 Nxe2+ 31. Rxe2 Rxc7 $16) ({Inferior is} 29. dxc6 Qxc6 30. Qd4 Rc5 $11) 29... Re5 30. Qxc2 {[%mdl 64] Pin.  Weighted Error Value: White=0.28 (precise) /Black=0.59} 1-0

[Event "DSOL 2022"]
[Site "Germany"]
[Date "2022.04.01"]
[Round "6.3"]
[White "Valkova, Anzhelika"]
[Black "Lambert, Andreas"]
[Result "0-1"]
[WhiteElo "1636"]
[BlackElo "1590"]
[Annotator "TA"]
[PlyCount "86"]
[EventDate "2022.01.31"]
[EventType "team-tourn"]
[EventCountry "GER"]
[SourceTitle "playchess.com"]
[Source "ChessBase"]
[SourceQuality "1"]
[WhiteTeam "SF Deizisau II"]
[BlackTeam "SK Ludwigshafen"]

{[%evp 9,86,14,29,20,41,-9,0,0,0,0,0,-11,0,0,0,0,0,0,0,-31,-11,-40,-9,-43,0,-66,-44,-92,-19,-29,-8,-14,-11,-79,16,-32,-26,-31,-13,-208,-216,-213,-174,-145,-100,-108,-6,-13,0,0,56,44,86,75,88,0,0,0,0,-203,-72,-73,-56,-48,-53,-232,-52,-53,0,-29986,-29987,-29987,-29988,-29988,-29989,-29989,-1741,-29984,-12768]} 1. d4 d5 2. c4 e6 3. Nc3 Be7 4. Bf4 Nf6 5. e3 O-O 6. Rc1 {D35: Queen's Gambit Declined: Exchange Variation.} a6 {[#]} 7. a4 $146 (7. Nf3 $14) ({Predecessor:} 7. c5 Nc6 8. a3 b6 9. b4 Bb7 10. Bd3 Nd7 11. Nf3 Bf6 12. Bb1 bxc5 13. bxc5 {1-0 (39) Svidler,P (2730)-Grishchenko,S (2475) Olginka 2011}) 7... dxc4 8. Bxc4 {The position is equal.} c5 9. Nf3 cxd4 10. exd4 Nbd7 11. O-O Nb6 12. Ba2 Nbd5 13. Nxd5 Nxd5 14. Be5 b6 15. Bb1 {[%cal Oh2h4]} Bd7 16. Qd3 {[%csl Gb1][%cal Rd3h7]} f5 17. b3 (17. Bc2 $11) 17... b5 18. Qd1 (18. Ne1 $15 {is superior.}) 18... bxa4 (18... Ba3 $17 19. Rc5 Qb6) 19. bxa4 $11 Qa5 20. Bc2 Rac8 {[%cal Od7a4]} 21. Ne1 {[#]} (21. Rb1 $11 {remains equal.}) 21... Rc3 {&Nero is much more active.} (21... Bxa4 $1 $17 {aiming for ...Qc3.} 22. Bxa4 Rxc1 23. Qxc1 Qxa4) 22. Qd2 (22. Nd3 $11 {is more appropriate.}) 22... Rfc8 $15 23. Nd3 {[%cal Oc2b3]} Qd8 ({Don't play} 23... Bxa4 24. Ra1 Bxc2 25. Rxa5 $16) 24. f4 $2 (24. Nc5 $11) 24... Ba3 $19 25. Nc5 Bxc1 26. Rxc1 Qe7 27. Kh1 Rc4 (27... R3xc5 $17 28. dxc5 Qxc5) 28. Rb1 $1 $11 Bc6 {[%cal Od5e3]} 29. Bd3 Rxc5 ({Black should try} 29... Rxa4 $11 30. Nxa4 Bxa4) 30. dxc5 $14 Qxc5 31. Bxa6 Ra8 {[#]} 32. Bb7 {A strong pair of Bishops.} ({White should play} 32. Bb5 $1 $16) 32... Rxa4 $11 33. Bxc6 Qxc6 34. Qd1 $2 (34. Rb8+ $11 Kf7 35. Qb2) 34... h6 (34... Nxf4 $19 {has better winning chances.} 35. Bxf4 Rxf4 36. Rb8+ Kf7 37. Qh5+ Kf6 38. Rf8+ Ke5) 35. Qf3 $17 (35. Rb8+ $2 Kh7 36. h3 Nxf4 $19) 35... Rc4 $40 {[%mdl 128] Hoping for ...Rc1+. Black has some attack.} 36. Rb8+ Kh7 {( -> ...Rc1+)} 37. h4 $2 {[#]} (37. h3 $15) 37... Rc1+ $2 (37... Re4 $1 $19 38. Rb1 (38. Qg3 $2 Rxe5 39. fxe5 Qc1+ 40. Kh2 Ne3 $19) 38... Ne3) 38. Kh2 $15 {[%cal Oe5g7]} Nf6 ({But not} 38... Qc5 39. Rb7 Qg1+ 40. Kg3 Qe1+ 41. Kh3 Qh1+ 42. Kg3 Qe1+ 43. Qf2 $11) ({Better is} 38... Qd7 $15 39. Qa3 Rc8 40. Rxc8 Qxc8) 39. Kg3 $2 {[%mdl 8192]} (39. Bxf6 $11 Qxf3 40. gxf3 Rc2+ 41. Kg3 gxf6 42. h5) 39... Ne4+ 40. Kh2 Qc5 41. Qxe4 fxe4 42. Rb7 Kg8 (42... Qg1+ $142 43. Kg3 Kg6 44. Rb2 Qe1+ 45. Kg4 h5+ 46. Kh3 Rd1 47. Rb3 Qh1+ 48. Kg3 Rd2 49. f5+ Kxf5 50. Rf3+ exf3 51. Kxf3 Qxg2+ 52. Ke3 Qf2#) 43. Rxg7+ Kf8 {Weighted Error Value: White=0.73/Black=0.53} 0-1

[Event "DSOL 2022"]
[Site "Germany"]
[Date "2022.04.01"]
[Round "6.3"]
[White "Noack, Marian"]
[Black "Kaiser, Sebastian"]
[Result "0-1"]
[WhiteElo "1611"]
[BlackElo "1694"]
[Annotator "COMBH"]
[PlyCount "76"]
[EventDate "2022.01.31"]
[EventType "team-tourn"]
[EventCountry "GER"]
[SourceTitle "playchess.com"]
[Source "ChessBase"]
[SourceQuality "1"]
[WhiteTeam "SC Braunschweig"]
[BlackTeam "SC Großröhrsdorf"]
[TimeControl "2700+15"]

1. d4 d5 2. c4 c6 3. Nc3 Nf6 4. Nf3 dxc4 5. a4 Bf5 6. e3 Nbd7 7. Bxc4 e6 8. O-O Bb4 9. Qe2 O-O 10. Rd1 Qe7 11. Nh4 Bg4 12. f3 Bh5 13. Qf2 Nd5 14. Bxd5 exd5 15. g4 Bg6 16. Nf5 Bxf5 17. gxf5 Qg5+ 18. Qg3 Qxf5 19. e4 dxe4 20. fxe4 Qg6 21. e5 Nb6 22. Qxg6 hxg6 23. Ne4 Rad8 24. Bg5 Rd7 25. Nc5 Bxc5 26. dxc5 Nd5 27. b4 Re8 28. Bf4 Rde7 29. Bg3 Nxb4 30. Rd2 Nd5 31. a5 Nc3 32. a6 Ne4 33. axb7 Nxd2 34. Rxa7 Rb8 35. Ra8 Rexb7 36. Rxb8+ Rxb8 37. e6 Rb1+ 38. Kf2 fxe6 0-1

[Event "DSOL 2022"]
[Site "Germany"]
[Date "2022.04.01"]
[Round "6.3"]
[White "Heerde, Thomas"]
[Black "Strohmeyer, Jochen"]
[Result "0-1"]
[WhiteElo "1491"]
[BlackElo "1713"]
[Annotator "TA"]
[PlyCount "110"]
[EventDate "2022.01.31"]
[EventType "team-tourn"]
[EventCountry "GER"]
[SourceTitle "playchess.com"]
[Source "ChessBase"]
[SourceQuality "1"]
[WhiteTeam "SK Zehlendorf II"]
[BlackTeam "Kölner SK Dr Lasker I"]

{[%evp 17,110,0,10,0,3,0,0,0,-8,0,-8,19,34,31,31,29,43,-24,-30,0,-8,-2,34,37,28,49,86,89,110,24,48,32,66,58,63,32,67,41,106,51,35,24,24,8,8,8,16,16,33,8,8,8,8,8,8,8,8,8,9,8,8,0,0,0,8,8,9,0,8,0,9,8,8,8,8,8,8,0,8,0,0,0,0,0,0,-455,-425,-459,-449,-1123,-1047,-2562,-2759,-1851,-1669]} 1. e4 {[%cal Be2e4,Be4e5][%mdl 32]} Nf6 {[%cal Bg8f6,Bf6d5,Bd5b6][%mdl 32]} 2. e5 Nd5 3. c4 Nb6 4. d4 d6 5. exd6 cxd6 6. h3 g6 7. Nf3 Bg7 8. Nc3 O-O 9. Be3 Nc6 10. Qd2 {B04: Alekhine's Defence: 4 Nf3.} e5 11. d5 Ne7 12. Bh6 {The position is equal.} Bxh6 13. Qxh6 {White wants to mate with Ng5.} Nf5 14. Qd2 {[#]} Nh4 $146 (14... Re8 {feels hotter.} 15. Ne4 Nd4 16. Qh6 Nd7) ({Predecessor:} 14... Re8 15. O-O-O Nd7 16. g4 Nh4 17. Ng5 Nc5 18. Be2 e4 19. Qf4 Qe7 20. Rd4 Nd3+ 21. Bxd3 exd3 {1-0 (34) Sadykov,R (2345)-Gubanov,O (2258) Chess.com INT 2022}) 15. Nxh4 Qxh4 16. g3 Qe7 17. g4 (17. Be2 $14) 17... f5 $11 18. g5 Bd7 19. b3 Rae8 20. O-O-O {[%cal Be1c1,Bc1d2,Bd2e3][%mdl 32]} e4 21. h4 e3 22. fxe3 Qxe3 23. Bh3 (23. Bd3 $1 $16) 23... Na8 24. Rde1 Qxd2+ 25. Kxd2 {[%cal Oc3e4]} Nc7 26. a4 (26. Ne4 $5 fxe4 27. Bxd7 $16) 26... Rxe1 27. Rxe1 Re8 {[#]} ({Black should play} 27... a5 $14) 28. Rxe8+ (28. Ne4 $1 $16 {[%cal Re4f6][%mdl 512] Strongly threatening Nf6+.} Rxe4 29. Rxe4 fxe4 30. Bxd7) 28... Bxe8 $16 {[%mdl 4096] Endgame KBN-KBN} 29. Bg2 {[%cal Oc4c5]} b6 30. Ke3 Na6 31. Bf3 Nc5 32. Bd1 a5 33. Ne2 h6 34. Bc2 hxg5 35. hxg5 Kf7 36. Nf4 Bd7 37. Kd4 Na6 38. Kc3 Bc8 39. Nd3 Nc5 {aiming for ...Ne4+.} 40. Nf4 Na6 41. Bd1 Bd7 42. Bf3 Bc8 43. Bd1 Bd7 44. Ne2 Bc8 45. Nd4 Bd7 46. Bc2 Nb4 47. Bd1 Na6 48. Nc6 Bxc6 49. dxc6 $11 {KB-KN} Ke6 50. Bf3 Ke5 51. Bd5 $2 {[%mdl 8192] [#]} (51. Be2 $1 $11 Nc7 52. b4) 51... Kf4 $1 $19 {Black is clearly winning.} 52. Bh1 Kxg5 {Hoping for ...Kf4.} 53. c5 (53. Kd4 $142 Kf6 54. Ke3) 53... bxc5 {[%cal Bb6c5,Bc5b4][%mdl 32] And now ...Kg4 would win.} 54. Kc4 Nc7 55. b4 cxb4 {Weighted Error Value: White=0.44/Black=0.06 (flawless)} 0-1

[Event "DSOL 2022"]
[Site "Germany"]
[Date "2022.04.01"]
[Round "6.3"]
[White "Will, Patrick"]
[Black "Schoebel, Klaus"]
[Result "1-0"]
[WhiteElo "1350"]
[BlackElo "1534"]
[Annotator "COMBH"]
[PlyCount "81"]
[EventDate "2022.01.31"]
[EventType "team-tourn"]
[EventCountry "GER"]
[SourceTitle "playchess.com"]
[Source "ChessBase"]
[SourceQuality "1"]
[WhiteTeam "SK Bickenbach I"]
[BlackTeam "SK Herzogenaurach I"]
[TimeControl "2700+15"]

1. d4 Nf6 2. c4 d6 3. Nf3 g6 4. Nc3 Bg7 5. g3 c6 6. Bg2 O-O 7. O-O Nbd7 8. e4 e5 9. h3 exd4 10. Nxd4 Ne5 11. b3 Re8 12. Be3 Qe7 13. Qc2 Be6 14. Rad1 Qd7 15. f4 Nxc4 16. bxc4 Bxh3 17. Rfe1 Bxg2 18. Qxg2 Ng4 19. Qf3 Nxe3 20. Rxe3 c5 21. Ndb5 d5 22. Rxd5 Qe6 23. e5 Rad8 24. Nc7 Qh3 25. Nxe8 Rxe8 26. Rxc5 Rd8 27. Nd5 Bf8 28. Rc7 b6 29. g4 Qh6 30. Qh3 Qg7 31. Nf6+ Kh8 32. Rd3 Rxd3 33. Qxd3 Bc5+ 34. Kg2 Qf8 35. Qd7 Qa8+ 36. Qc6 Qxc6+ 37. Rxc6 Kg7 38. g5 h6 39. Rc8 hxg5 40. fxg5 Bf8 41. Kf3 1-0

[Event "DSOL 2022"]
[Site "Germany"]
[Date "2022.04.01"]
[Round "6.4"]
[White "Rosenkraenzer, Torsten"]
[Black "Ozeran, Volodymyr"]
[Result "0-1"]
[WhiteElo "1847"]
[BlackElo "1738"]
[Annotator "TA"]
[PlyCount "140"]
[EventDate "2022.01.31"]
[EventType "team-tourn"]
[EventCountry "GER"]
[SourceTitle "playchess.com"]
[Source "ChessBase"]
[SourceQuality "1"]
[WhiteTeam "Kölner SK Dr Lasker II"]
[BlackTeam "SK Dessau I"]

{[%evp 15,139,21,31,31,27,27,24,17,26,25,23,20,20,30,25,19,48,25,66,49,54,54,50,47,52,59,62,49,66,30,30,-11,-9,0,-1,-60,-35,-114,-135,-129,-130,-118,-24,-58,-71,-86,-14,-62,-6,-6,-12,-16,-12,-8,-2,-15,159,0,0,0,0,0,46,38,250,0,0,0,0,0,0,0,0,0,0,0,0,0,272,264,262,0,0,0,29980,-383,-156,-283,16,-380,-360,-299,-299,-349,-339,-493,-457,-942,-936,-1000,-845,-2125,-1616,-1395,-1180,-895,-645,-29973,-29974,-29973,-29975,-29975,-29976,-29974,-29977,-29976,-29979,-29977,-29980,-29979,-29980,-29983,-29984,-29998,-29999,-29999]} 1. d4 d5 2. c4 e6 3. Nc3 Nf6 4. cxd5 exd5 5. Bg5 Be7 6. e3 O-O 7. Bd3 h6 8. Bf4 c6 {8...c5 is the modern continuation.} 9. h3 {D35: Queen's Gambit Declined: Exchange Variation.} Bd6 10. Bxd6 Qxd6 11. Nf3 {White has an edge.} Nbd7 12. Qc2 Re8 13. O-O b6 14. a3 {[#]} Bb7 $146 ({Predecessor:} 14... c5 15. dxc5 bxc5 16. b4 Ba6 17. Bxa6 Qxa6 18. Qb3 Qb7 19. Rfd1 cxb4 20. axb4 Nc5 21. Qa2 Qxb4 22. Nxd5 Nxd5 23. Rxd5 {½-½ (47) Khusenkhojaev,M (2417)-Begmuratov,K (2297) Almaty 2022}) 15. b4 Rac8 16. Rab1 Re7 17. Nh4 {Threatens to win with Nf5.} Ree8 18. Nf5 Qf8 19. a4 g6 20. Ng3 Kg7 21. Qb2 h5 22. Rbe1 Rb8 23. f3 h4 24. Nh1 c5 $36 {[%mdl 2048] Black is more active.} 25. dxc5 (25. bxc5 $11 bxc5 26. Bb5) 25... bxc5 $15 26. b5 (26. bxc5 $15 Ba6 27. Nb5) 26... c4 $17 27. Bb1 Qc5 28. Qf2 Rh8 {&Nero is more active.} (28... Re6 $17 29. Bc2 a6) 29. Ne2 Rbe8 30. Nd4 Nf8 (30... Qb4 $17) 31. e4 (31. f4 $11) 31... Qc7 (31... dxe4 $15 32. Bxe4 (32. fxe4 N8d7 $17) 32... Bxe4 33. fxe4 N8d7) 32. exd5 $11 Rxe1 33. Qxe1 Bxd5 34. Nf2 Ne6 35. Nxe6+ fxe6 $2 {[#]} (35... Bxe6 $11 36. Qc3 Rd8) 36. Ne4 $2 ({Better is} 36. Qc3 $1 $16) 36... Bxe4 37. Bxe4 Qe5 38. Qf2 Qc7 (38... Rd8 $11 {is superior.}) 39. Bc6 $14 a6 $2 (39... Rd8 $14) 40. Rd1 $2 ({White should play} 40. Qc5 $18) 40... axb5 $11 41. axb5 {[%cal Ba4b5,Bb5b6,Bb6b7][%mdl 32]} Rd8 {Prevents Qd4.} 42. Rxd8 Qxd8 43. Qa7+ (43. Qxh4 c3 44. Be4 Qd1+ 45. Kh2 Qd6+ 46. Kh1 Qd2 $19) 43... Kh6 44. Qe3+ Kg7 45. b6 Qd1+ 46. Kf2 {aiming for Qc3.} Nd5 {[%mdl 8192] Prevents Qc3+.} (46... Qc2+ $11 {and Black has nothing to worry.} 47. Qe2 Qb1) 47. Qe5+ $18 Kf7 {White must now prevent ...Qd2+.} 48. Bxd5 $2 (48. b7 $18 {[%cal Oc6e8] Be8+! would kill now.} Qd2+ 49. Qe2 Qd4+ 50. Kf1) 48... exd5 {[%mdl 4096] Endgame KQ-KQ} (48... Qd2+ 49. Kg1 Qxd5 50. Qc7+ Ke8 51. b7 Qd4+ 52. Kh2) 49. b7 Qd2+ $2 {[%mdl 8192]} (49... Qc2+ $11 50. Ke3 Qb3+ 51. Kd4 Qxb7 52. Qf4+ Ke6) 50. Qe2 $4 {[%mdl 8192]} (50. Kg1 {mates} Qb4 51. Qxd5+ Kf6 52. Qd8+ Ke5 53. b8=Q+ Qxb8 54. Qxb8+ Kf5 55. Qc8+ Ke5 56. Qxc4) 50... Qd4+ (50... Qb4 $19 {and Black stays clearly on top.} 51. Qe5 Qxb7 52. Qf4+ Ke6 53. Qg4+ Kd6 54. Qxh4 Qa7+ 55. Ke2 d4) 51. Ke1 (51. Kf1 $17 {is the only way for White.} Qb6 52. Qe5 Qxb7 53. Qf4+ Ke6 54. Qxh4) 51... Qc3+ $2 ({Black should try} 51... Qg1+ $19 52. Kd2 Qb6) 52. Kf2 $2 {[%mdl 8192]} (52. Qd2 $1 $11 Qe5+ 53. Kd1 Qa1+ 54. Qc1 Qd4+ 55. Ke2 Qe5+ 56. Kd2) 52... Qb4 53. Qe3 {Threatening mate with Qf4+.} Qxb7 54. Qf4+ {[#]} Ke6 $1 55. Qg4+ (55. Qd4 $142 g5 56. Qg4+ Kd6 57. Qd4) 55... Kd6 $19 {Strongly threatening ...Kc5.} 56. Qxg6+ (56. Qxh4 $142 Qa7+ 57. Kg3) 56... Kc5 {( -> ...c3)} 57. Qg5 Qb2+ 58. Kf1 Qb1+ 59. Kf2 Qc2+ 60. Ke1 Qc3+ 61. Kf2 Qd4+ {Black mates.} 62. Ke2 Qd3+ 63. Kf2 c3 64. Qe7+ Kb5 65. Qb7+ Ka4 66. Qc6+ Kb3 67. Qb7+ Kc2 68. Qb4 Kd2 69. f4 Qe3+ 70. Kf1 Qe1# {Weighted Error Value: White=0.72/Black=0.68} 0-1

[Event "DSOL 2022"]
[Site "Germany"]
[Date "2022.04.01"]
[Round "6.4"]
[White "Kipper, Siegfried"]
[Black "Meuss, Maximilian"]
[Result "0-1"]
[WhiteElo "1765"]
[BlackElo "1722"]
[Annotator "COMBH"]
[PlyCount "62"]
[EventDate "2022.01.31"]
[EventType "team-tourn"]
[EventCountry "GER"]
[SourceTitle "playchess.com"]
[Source "ChessBase"]
[SourceQuality "1"]
[WhiteTeam "SC Weiße Dame Borbeck"]
[BlackTeam "Kieler SG II"]
[TimeControl "2700+15"]

1. d4 Nf6 2. c4 e6 3. Nf3 Bb4+ 4. Nbd2 O-O 5. a3 Bxd2+ 6. Bxd2 d5 7. e3 Nbd7 8. Bd3 b6 9. O-O Bb7 10. cxd5 Bxd5 11. Qe2 Ne4 12. Bc3 Ndf6 13. Rac1 Rc8 14. Nd2 c5 15. dxc5 Rxc5 16. Bb4 Rxc1 17. Rxc1 Re8 18. Bb5 Nd7 19. f3 Nec5 20. e4 Bb7 21. Bxc5 bxc5 22. Nb3 c4 23. Bxc4 Ne5 24. Nc5 Re7 25. Nxb7 Rxb7 26. b3 Rc7 27. Kf1 Qg5 28. Rd1 Ng6 29. g3 h5 30. f4 Qc5 31. Qxh5 Qxh5 0-1

[Event "DSOL 2022"]
[Site "Germany"]
[Date "2022.04.01"]
[Round "6.4"]
[White "Kemper, Yannick"]
[Black "Winkler, Tim"]
[Result "1-0"]
[WhiteElo "1756"]
[BlackElo "1481"]
[Annotator "TA"]
[PlyCount "61"]
[EventDate "2022.01.31"]
[EventType "team-tourn"]
[EventCountry "GER"]
[SourceTitle "playchess.com"]
[Source "ChessBase"]
[SourceQuality "1"]
[WhiteTeam "SK Ludwigshafen"]
[BlackTeam "SF Deizisau II"]

{[%evp 9,61,29,23,22,39,12,-2,-27,0,0,0,-44,-41,-51,-44,-39,-52,-254,-222,-368,-278,-268,-66,-67,-82,-21,0,-104,-119,-107,-97,-80,-83,-83,-100,-120,-72,-88,-66,-121,14,0,0,0,0,-44,-42,-64,0,0,29995,29996,29996,29997]} 1. e4 g6 2. d4 Bg7 3. Nc3 d6 4. f4 a6 5. Nf3 Nd7 6. Bd3 {B06: Modern Defence.} c5 7. d5 b5 $1 8. O-O {The position is equal.} (8. a4 $5 {[%cal Ra4b5]}) 8... Qc7 {[#]} 9. Re1 $146 ({Predecessor:} 9. e5 c4 10. Be4 Nc5 11. e6 f5 12. Bxf5 gxf5 13. Nh4 Nf6 14. Nxf5 Rg8 15. Be3 {½-½ (55) Pruess,D (2431)-Burnett,R (2371) Tulsa 2008}) 9... Bb7 10. Be3 Ngf6 11. e5 Ng4 12. e6 $1 fxe6 13. dxe6 $2 (13. Ng5 $1 $15 Nxe3 14. Nxe6 Nxd1 15. Nxc7+ Kf7 16. Raxd1) 13... Nb6 14. Ne4 (14. Ng5 {was the only defense.} Nxe3 15. Rxe3) 14... c4 15. Bd4 Bxd4+ ({And not} 15... cxd3 16. Bxg7 Rg8 17. Bd4 (17. Bc3 dxc2 18. Qd2 Rf8 $17) 17... dxc2 18. Qd2 $15) (15... O-O $1 $19 16. Bxg7 Kxg7) 16. Nxd4 $15 cxd3 17. Qxg4 dxc2 {Threatens to win with ...Bxe4.} 18. Rac1 (18. f5 $1 $11 {was the only way to keep the balance.}) 18... Nc4 $1 $36 {[%mdl 2048] Black is on the roll.} ({Resist} 18... Qc4 19. Nxd6+ $1 exd6 20. f5 $11) 19. Rxc2 Qb6 20. Qd1 O-O 21. g3 {[#]} Rf5 $1 {And now ...Rd5 would win.} 22. Ng5 Rd5 (22... Rd8 $142 23. Rf2 Rd5) 23. Ngf3 Rf8 {[%cal Oc4e5] Strongly threatening ...Ne5!} 24. Qd3 (24. Rf2 $1 $15) 24... g5 ({Better is} 24... Rh5 $17 {...Bxf3 is the strong threat.} 25. Nd2 Rc5) 25. h3 {Black must now prevent Kh2.} gxf4 26. gxf4 {Hoping for Kh2.} Rxf4 27. Rg2+ Kh8 28. Kh2 $1 {aiming for Re4.} Rdxd4 ({Black should try} 28... Qd8 $1 $15 29. Qc3 (29. Ng5 $2 Rxg5 30. Rxg5 Qf8 $17) 29... Ne5 30. Nxe5 Rxe5 31. Rxe5 dxe5) 29. Reg1 $1 $11 {[%csl Gg1][%cal Rg2g8] Chess con chili.} Rf8 {[%mdl 8192] [#] Prevents Rg8+.} 30. Qf5 $3 {[%cal Rf5f8][%mdl 512]} Qd8 {[#]} 31. Qg5 $1 {White used his chance.  Weighted Error Value: White=0.29 (precise) /Black=0.46} 1-0

[Event "DSOL 2022"]
[Site "Germany"]
[Date "2022.04.01"]
[Round "6.4"]
[White "Thalheim, Jonas"]
[Black "Dhard, Shubham"]
[Result "1-0"]
[WhiteElo "1751"]
[BlackElo "1722"]
[Annotator "COMBH"]
[PlyCount "89"]
[EventDate "2022.01.31"]
[EventType "team-tourn"]
[EventCountry "GER"]
[SourceTitle "playchess.com"]
[Source "ChessBase"]
[SourceQuality "1"]
[WhiteTeam "SC Großröhrsdorf"]
[BlackTeam "SC Braunschweig"]
[TimeControl "2700+15"]

1. e4 c5 2. c3 d5 3. exd5 Qxd5 4. Nf3 Bg4 5. Be2 Nf6 6. d4 e6 7. Be3 c4 8. O-O Be7 9. Ne5 Bxe2 10. Qxe2 b5 11. Nd2 Nbd7 12. Ndf3 O-O 13. Bg5 h6 14. Nxd7 Qxd7 15. Bf4 Nd5 16. Bg3 Rac8 17. Ne5 Qb7 18. Qg4 b4 19. Rfc1 a5 20. Qd1 Bg5 21. Rc2 a4 22. cxb4 Qxb4 23. h4 Bf6 24. Nd7 Rfd8 25. Nxf6+ Nxf6 26. Rac1 Ne4 27. Be5 f6 28. Bf4 e5 29. Qf3 Rxd4 30. Be3 Nd2 31. Qe2 Rcd8 32. Bxd4 Rxd4 33. Rd1 Nb3 34. Rxd4 Nxd4 35. Qxc4+ Qxc4 36. Rxc4 Ne2+ 37. Kf1 Nf4 38. Rxa4 Kf7 39. Rxf4 exf4 40. Ke2 Ke6 41. Kf3 Ke5 42. a4 g5 43. hxg5 fxg5 44. a5 Kd6 45. Kg4 1-0